| 000 | 00381 a2200109 4500 | ||
|---|---|---|---|
| 001 | ART_34700 | ||
| 005 | 20260410161855.0 | ||
| 008 | 260409a | ||
| 245 | 1 | 0 | _aSistema de responsabilidad por daños causados o sufridos por niños o adolescentes |
| 100 | 1 | _aParellada, Carlos A. | |
| 773 | 0 |
_tDerecho privado _gEducación - Año III, Nº 10 (mar. 2015) _wREV10455 |
|
| 999 |
_c25362 _d25362 |
||